| 000 | 00910cam a22002653a 4500 | ||
|---|---|---|---|
| 001 | 25705 | ||
| 003 | PGUSA | ||
| 005 | 20140828083543.0 | ||
| 008 | 080605s2008||||xxu|||||s|||||000 | eng d | ||
| 040 |
_aPGUSA _beng |
||
| 042 | _adc | ||
| 050 | 4 | _aF3401 | |
| 100 | 1 |
_aBetanzos, Juan de, _d-1576 |
|
| 245 | 1 | 0 |
_aSuma y narracion de los Incas, que los indios llamaron Capaccuna, que fueron señores de la ciudad del Cuzco y de todo lo á ella subjeto _h[electronic resource] / _cJuan de Betanzos |
| 260 |
_bProject Gutenberg, _c2008 |
||
| 506 | _aPublic domain in the USA. | ||
| 516 | _aElectronic text | ||
| 653 | _aIncas -- History | ||
| 653 | _aPeru -- History -- Conquest, 1522-1548 | ||
| 653 | _aBetanzos, Juan de, d. 1576 | ||
| 653 | _aIndians of South America -- Andes Region -- History | ||
| 830 | 0 |
_aProject Gutenberg _v25705 |
|
| 856 | 4 | 0 | _uhttp://www.gutenberg.org/ebooks/25705 |
| 942 | _cEB | ||
| 999 |
_c254960 _d254960 |
||